000 01091nam a22002537a 4500
003 OSt
005 20250904150219.0
008 240422b ||||| |||| 00| 0 eng d
040 _c0
082 _aDPer 621.317 Ie21 November 2022 v. 37 n. 11
100 _aYao, Jia.
_eauthor.
_956498
245 _aA unified modeling approach to tapped inductor converters accounting for the leakage inductance effects /
_cJia Yao, Kewei Li, Kaisheng Zheng, and Alexander Abramovitz.
260 _aNew York ;
_bThe Institute of Electrical and Electronics Engineers, Inc. ,
_cNovember 2022.
300 _aVolume 37, pages 13047-13059 :
_billustration ;
_c28 cm.
500 _aIEEE Transactions on Power Electronics, vol. 37, no. 11, pages 13047-13059, November 2022.
650 0 _aAnalytical models.
_965753
650 0 _a DC/DC converter.
_965716
650 0 _aIntegrated circuit modeling.
_965718
700 _aYao, Jia.
_eauthor.
_956498
700 _aLi, Kewei.
_eauthor.
_956499
700 _aZheng, Kaisheng.
_eauthor.
_956500
700 _aAbramovitz, Alexander.
_eauthor.
_956501
942 _2ddc
_cPER
999 _c20123
_d20123